000 00493nam a2200145Ia 4500
008 151213s9999 xx 000 0 und d
100 _aআবুল ফজল অল্লামী।
245 _aআইন - ই - আককবরী।
_cআবুল ফজল অল্লামী।
260 _aঢাকা
_c2003
300 _a8831 p.
650 _aBangla
650 _aীআইন আলোচনা।
700 _aআবুল ফজল অল্লামী।
999 _c4616
_d4616